LIBRARY & INFORMATION CENTRE, KCAET, TAVANUR

ONLINE PUBLIC ACCESS CATALOGUE (OPAC)

Sri Sankaracharya / (Record no. 1119)

MARC details
000 -LEADER
fixed length control field 00425cam a2200169ua 4500
041 ## - LANGUAGE CODE
Language code of text/sound track or separate title eng
082 ## - DEWEY DECIMAL CLASSIFICATION NUMBER
Classification number 922
Item number SES/SR
100 ## - MAIN ENTRY--AUTHOR NAME
Personal name Seshadri, P .
245 ## - TITLE STATEMENT
Title Sri Sankaracharya /
260 ## - PUBLICATION, DISTRIBUTION, ETC. (IMPRINT)
Place of publication Thiruvananthapuram :
Name of publisher The University of Travancore ,
Year of publication 1949.
300 ## - PHYSICAL DESCRIPTION
Number of Pages 176 ; .
942 ## - ADDED ENTRY ELEMENTS (KOHA)
Koha item type Books
Holdings
Withdrawn status Lost status Damaged status Home library Current library Date acquired Full call number Accession Number Koha item type
Withdrawn     KAUAET Malayalam University 07/04/2012 922 9433 Books
free website counter